Dane z príjmov ako nástroj finančnej politiky v integračnom procese

Gespeichert in:
Bibliographische Detailangaben
1. Verfasser: Zubaľová, Alena, 1959-
Format: Buchkapitel
Sprache:Slowakisch
Tags: Tag hinzufügen
Keine Tags, Fügen Sie das erste Tag hinzu!

MARC

LEADER 00000naa$a2200000$$$4500
001 0062546
005 20240502071715.4
041 0 |a slo 
044 |a SK 
245 1 0 |a Dane z príjmov ako nástroj finančnej politiky v integračnom procese  |c Alena Zubaľová 
100 1 |a Zubaľová, Alena, 1959-